| 000 | 01068nam a22002655a 4500 | ||
|---|---|---|---|
| 001 | 15055712 | ||
| 005 | 20071023131532.0 | ||
| 008 | 071023s2008 nyu 000 0 eng | ||
| 010 | _a 2007940032 | ||
| 020 | _a9783540764533 (hardcover : alk. paper) | ||
| 040 |
_aDLC _cDLC |
||
| 082 |
_222 _a658.503 _bGUN |
||
| 100 | 1 |
_aGuenther, Oliver P. _94542 |
|
| 245 | 1 | 0 |
_aRFID in manufacturing / _cOliver P. Guenther, Wolfhard Kletti, Uwe Kubach. |
| 260 |
_aNew York : _bSpringer, _c2008. |
||
| 263 | _a0803 | ||
| 300 |
_a163p.: _bill.; _c23 cm. |
||
| 504 | _aIncludes bibliographical references p.:157-160 and index | ||
| 650 |
_94539 _aProduction management _x-- Data processing. |
||
| 650 |
_94540 _aBusiness logistics _x--Data processing. |
||
| 650 |
_94541 _aRadio frequency identification systems. _x--Data processing. |
||
| 942 |
_2ddc _cBB |
||
| 999 |
_c11480 _d11480 |
||